Antología de introducción a la administración (Registro nro. 58153)
[ vista simple ]
| 000 -LEADER | |
|---|---|
| fixed length control field | 00693nam a22001817a 4500 |
| 005 - DATE AND TIME OF LATEST TRANSACTION | |
| control field | 20151204135642.0 |
| 008 - FIXED-LENGTH DATA ELEMENTS--GENERAL INFORMATION | |
| fixed length control field | 151204b mx ||||| |||| 00| 0 spa d |
| 050 04 - LIBRARY OF CONGRESS CALL NUMBER | |
| Classification number | HD37.S6 |
| Item number | A58 2006 |
| 245 00 - TITLE STATEMENT | |
| Title | Antología de introducción a la administración |
| 250 ## - EDITION STATEMENT | |
| Edition statement | 1a ed. |
| 260 ## - PUBLICATION, DISTRIBUTION, ETC. (IMPRINT) | |
| Place of publication, distribution, etc | México: |
| Name of publisher, distributor, etc | Universidad Michoacana de San Nicolás de Hidalgo |
| 260 ## - PUBLICATION, DISTRIBUTION, ETC. (IMPRINT) | |
| Name of publisher, distributor, etc | Consejo de Academia de Contabilidad del Bachillerato Nicolaita, |
| Date of publication, distribution, etc | 2006 |
| 300 ## - PHYSICAL DESCRIPTION | |
| Extent | 360 p. : |
| Other physical details | il. ; |
| Dimensions | 29 cm. |
| 504 ## - BIBLIOGRAPHY, ETC. NOTE | |
| Bibliography, etc | Incluye bibliografías |
| 650 #4 - SUBJECT ADDED ENTRY--TOPICAL TERM | |
| Topical term or geographic name as entry element | Administración |
| 710 2# - ADDED ENTRY--CORPORATE NAME | |
| Corporate name or jurisdiction name as entry element | Universidad Michoacana de San Nicolás de Hidalgo. |
| Subordinate unit | Consejo de Academia de Contabilidad del Bachillerato Nicolaita. |
| 942 ## - ADDED ENTRY ELEMENTS (KOHA) | |
| Source of classification or shelving scheme | Biblioteca del Cogreso de los Estados Unidos |
| Koha item type | Libro |
| Estado de pérdida | Fuente de clasificación | Estado del daño | No para préstamo | Ubicación permanente | Ubicación actual | Apartado o colección | Fecha de adquisición | Edición | Dependencia de educación superior (DES) | Área del conocimiento | Clasificación | Código de Barras | Date last seen | Número de copia | Tipo de recurso |
|---|---|---|---|---|---|---|---|---|---|---|---|---|---|---|---|
| Biblioteca del Cogreso de los Estados Unidos | Biblioteca del Colegio de San Nicolás | Biblioteca del Colegio de San Nicolás | General | 04/12/2015 | 1a ed. | Nivel Medio Superior | Ciencias Sociales y Administrativas | HD37.S6 A58 2006 | BPCS000003202 | 04/12/2015 | 1 | Libro | |||
| Biblioteca del Cogreso de los Estados Unidos | Biblioteca del Colegio de San Nicolás | Biblioteca del Colegio de San Nicolás | General | 04/12/2015 | 1a ed. | Nivel Medio Superior | Ciencias Sociales y Administrativas | HD37.S6 A58 2006 | BPCS000003203 | 04/12/2015 | 2 | Libro | |||
| Biblioteca del Cogreso de los Estados Unidos | Biblioteca del Colegio de San Nicolás | Biblioteca del Colegio de San Nicolás | General | 04/12/2015 | 1a ed. | Nivel Medio Superior | Ciencias Sociales y Administrativas | HD37.S6 A58 2006 | BPCS000003204 | 04/12/2015 | 3 | Libro |